| 000 | 00000nam##2200000za#4500 |
| 001 | 9.695221 |
| 003 | CaOODSP |
| 005 | 20240209132435 |
| 007 | cr ||||||||||| |
| 008 | 150407|1998||||xxc|||||o f|0| 0 eng|d |
| 040 | |aCaOODSP|beng |
| 043 | |an-cn--- |
| 086 | 1 |aC89-4/53-1998E-PDF |
| 110 | 2 |aAtlantic Canada Opportunities Agency. |
| 245 | 10|aComparative perspectives on regional development / |h[electronic resource]|cprepared by J.D. McNiven and J.E. Plumstead. |
| 260 | |aHalifax - Nova Scotia : |bAtlantic Canada Opportunities Agency |cMarch 31, 1998. |
| 300 | |a80p.|bfig., maps, tables |
| 500 | |a"The aim of this report is to provide a modest attempt at some assessment of where Canadian regional development experience is located in a global context."--Page 3. |
| 520 | 3 |aThe aim of this report is to provide a modest attempt at some assessment of where Canadian regional development experience is located in a global context.--Page 3 |
| 590 | |a11-29-Supp|b2011-11-25 |
| 690 | 07|aRegional development|2gcpds |
| 710 | 2 |aNorth American Policy Group. |
| 720 | 1 |aMcNiven, J. D. |
| 720 | 1 |aPlumstead, J. E. |
| 775 | 08|tPerspectives comparatives du développement régional / |w(CaOODSP)9.639367 |
| 776 | 0#|tComparative perspectives on regional development, March 31, 1998 / |w(CaOODSP)9.647206 |
| 856 | 40|ahttp://publications.gc.ca|qPDF|s722 KB|uhttps://publications.gc.ca/collections/Collection/C89-4-53-1998E.pdf |